LEADER 00981nmm0-2200289---450- 001 990009458140403321 005 20111019162522.0 035 $a000945814 035 $aFED01000945814 035 $a(Aleph)000945814FED01 035 $a000945814 100 $a20111019d1989----km-y0itay50------ba 101 0 $aita 200 1 $a<>cavalli dell'isola di smeraldo$bVideoregistrazione$eun ritratto romantico dell'Irlanda, della sua gente e dei suoi amati cavalli$funa produzione National Geographic Society e WQED 210 $aMilano$cStarlight$dc1989 215 $a1 videocassetta (VHS) (ca. 60 min.)$ccol., son. 225 1 $aNational geographic video$v1027 610 0 $aCavalli$aIrlanda 676 $a791.43 710 02$aNational Geographic Society$0324924 801 0$aIT$bUNINA$gRICA$2UNIMARC 901 $aVM 912 $a990009458140403321 952 $aIV C 246.1027$b10431$fDMVSF 959 $aDMVSF 996 $aCavalli dell'isola di smeraldo$9761399 997 $aUNINA LEADER 00903nam0-22002771--450- 001 990006334290403321 005 20080409145904.0 035 $a000633429 035 $aFED01000633429 035 $a(Aleph)000633429FED01 035 $a000633429 100 $a20000112d1965----km-y0itay50------ba 101 0 $aita 105 $ay-------001yy 200 1 $aLegislazione sociale e tributaria per addetti alla Segreteria Contabilità d'azienda$etesto conforme al nuovo programma ministeriale$fGiancarlo Ospitali 210 $aPadova$cCedam$d1965 215 $a162 p.$d24 cm 676 $a343.04 700 1$aOspitali,$bGiancarlo$0228843 801 0$aIT$bUNINA$gRICA$2UNIMARC 901 $aBK 912 $a990006334290403321 952 $aXIV Z 142$bSez.I 314$fFGBC 959 $aFGBC 996 $aLegislazione sociale e tributaria per addetti alla Segreteria Contabilità d'azienda$9656184 997 $aUNINA LEADER 01757nam 2200433 450 001 9910819584203321 005 20230206145558.0 010 $a1-78319-535-5 035 $a(CKB)3710000000376566 035 $a(EBL)1991674 035 $a(MiAaPQ)EBC5282737 035 $a(MiAaPQ)EBC1991674 035 $a(Au-PeEL)EBL1991674 035 $a(OCoLC)905993144 035 $a(EXLCZ)993710000000376566 100 $a20180925d2015 uy 0 101 0 $aeng 135 $aur|n|---||||| 181 $ctxt$2rdacontent 182 $cc$2rdamedia 183 $acr$2rdacarrier 200 10$aTranslating the theatre of the Spanish Golden Age $ea story of chance and transformation /$fDavid Johnston 210 1$aLondon :$cOberon Books,$d2015. 215 $a1 online resource (122 p.) 300 $aDescription based upon print version of record. 311 $a1-78319-036-1 320 $aIncludes bibliographical references and index. 327 $aCover; Title Page; Copyright; Dedication; Contents; Preface; The Artful Voyeur; A Continuum of Transformation; Outside the Circle of Shakespeare's Art; Universal? Or Perhaps Unique?; The New Art of Writing Plays; Theatre's Riotous Assembly; A Popular Theatre; Through the Looking Glass, Darkly; Forgive its Many Flaws; The Theatre of Words; Out of the Wings; Further Reading; Index 606 $aSpanish drama$yClassical period, 1500-1700$xHistory and criticism 615 0$aSpanish drama$xHistory and criticism. 676 $a808.10923478 700 $aJohnston$b David$f1951-$0907515 801 0$bMiAaPQ 801 1$bMiAaPQ 801 2$bMiAaPQ 906 $aBOOK 912 $a9910819584203321 996 $aTranslating the theatre of the Spanish Golden Age$94025034 997 $aUNINA